000 00440nam a2200169Ia 4500
008 240729s9999 xx 000 0 und d
022 _a2813-5962
245 0 _aFrontiers in Geochemistry
260 _aSwitzerland
260 _bFrontiers Media S.A.
650 _a Chemistry
650 _a Geology | Science
650 _aScience
856 _uhttps://doaj.org/toc/08bae015c4624d178f4890f8006d23bd
942 _2ddc
942 _cDOAJEJ
999 _c66983
_d66983
945 _a1
_bMadushi Gamage
_c1
_dMadushi Gamage